000 01121nam a22002897a 4500
999 _c64047
_d64047
005 20240530110712.0
008 180206s2015 ua g b 000 0 ara d
017 _a2015/3498
_bمصر. دار الكتب
020 _a9789774991714
040 _aEG-CaGPL
_cEG-CaGPL
082 0 4 _221
_a616.8914 /
_bب ع
100 1 _aبيك، د.آرون
245 1 2 _aالعلاج المعرفى والاضطرابات الانفعالية /
_c د.آرون بيك ؛ نقلة الى العربية عادل مصطفى ؛ راجعة غسان يعقوب
250 _aط. 1
260 _aالقاهرة :
_bرؤية للنشر و التوزيع،
_c2015.
300 _a380 ص. ؛
_c19 سم.
504 _aيشتمل على ارجاعات ببليوجرافية
650 0 7 _2qrmak
_aالعلاج النفسى
650 0 7 _2qrmak
_aالاضطرابات النفسية
650 0 7 _2qrmak
_aالامراض النفسية
650 0 7 _2qrmak
651 _2qrmak
700 0 _aعادل مصطفى
_eمترجم
700 0 _aغسان يعقوب
_eمراجع
942 _2ddc
_cBK